Online
Catalog

Insei : (Record no. 960)

MARC details
000 -CABECERA
campo de control de longitud fija 00837cam a2200217 i 4500
001 - NÚMERO DE CONTROL
campo de control 000000973
005 - FECHA Y HORA DE LA ÚLTIMA TRANSACCIÓN
campo de control 20200929145445.0
008 - DATOS DE LONGITUD FIJA--INFORMACIÓN GENERAL
campo de control de longitud fija 750806s1976 xxu b 001 0 eng
020 ## - NÚMERO INTERNACIONAL ESTÁNDAR DEL LIBRO
Número Internacional Estándar del Libro 0231039328
040 ## - FUENTE DE LA CATALOGACIÓN
Centro catalogador/agencia de origen DO-SdBNP
Lengua de catalogación spa
Centro/agencia transcriptor BNPHU
082 ## - NÚMERO DE LA CLASIFICACIÓN DECIMAL DEWEY
Número de clasificación 320.95201
-- C182i
100 1# - ENTRADA PRINCIPAL--NOMBRE DE PERSONA
Nombre de persona Cameron Hurst, G.
Fechas asociadas al nombre 1941-
9 (RLIN) 3418
245 10 - MENCIÓN DE TÍTULO
Título Insei :
Resto del título abdicated sovereigns in the politics of late Heian Japan, 1086-1185 /
Mención de responsabilidad, etc. G. Cameron Hurst III.
260 ## - PUBLICACIÓN, DISTRIBUCIÓN, ETC.
Lugar de publicación, distribución, etc. New York :
Nombre del editor, distribuidor, etc. Columbia University Press,
Fecha de publicación, distribución, etc. 1976.
300 ## - DESCRIPCIÓN FÍSICA
Extensión xii, 337 p. ;
Dimensiones 23 cm.
500 ## - NOTA GENERAL
Nota general Originalmente presentado como tesis del autor, la Universidad de Columbia
504 ## - NOTA DE BIBLIOGRAFÍA, ETC.
Nota de bibliografía, etc. Bibliografía: p. 319-328.
500 ## - NOTA GENERAL
Nota general Incluye referencias bibliográficas y notas al pie de las páginas
651 #4 - PUNTO DE ACCESO ADICIONAL DE MATERIA--NOMBRE GEOGRÁFICO
Nombre geográfico Japón
Subdivisión general Política Y Gobierno
Subdivisión cronológica 794-1185.
9 (RLIN) 3419
650 #4 - PUNTO DE ACCESO ADICIONAL DE MATERIA--TÉRMINO DE MATERIA
Término de materia o nombre geográfico como elemento de entrada Emperadores
Subdivisión geográfica Japón
9 (RLIN) 3420
Holdings
Estado de retiro Estado de pérdida No para préstamo Código de colección Localización permanente Ubicación/localización actual Ubicación en estantería Fecha de adquisición Número de inventario Total de préstamos Signatura topográfica completa Código de barras Fecha visto por última vez Número de copia Precio válido a partir de Tipo de ítem Koha Fuente de adquisición
  Extraviado Préstamo en sala Dominicana de Servicio Biblioteca Nacional Pedro Henríquez Ureña Biblioteca Nacional Pedro Henríquez Ureña Extraviado 03.04.2017 LF1   320.95201 C182i 973-20 25.06.2020 e. 2 25.06.2020 Libros y folletos  
    Préstamo en sala Dominicana de Servicio Biblioteca Nacional Pedro Henríquez Ureña Biblioteca Nacional Pedro Henríquez Ureña Depósito 02.09.2009 LF1   320.95201 C182i 973-10 25.06.2020   25.06.2020 Libros y folletos 002344

Powered by Koha